| 000 | 00514nam a2200181Ia 4500 | ||
|---|---|---|---|
| 003 | GCL | ||
| 008 | 140319s9999 xx 000 0 eng d | ||
| 040 |
_aGCL / _cGCL |
||
| 082 | 0 | 4 |
_a930.1 _bC S |
| 100 | 1 | _aCLARK, GRAHAME | |
| 245 | 1 | 0 |
_aSPACE, TIME AND MAN A PREHISTORIANS VIEW / _cCLARK, GRAHAME |
| 260 |
_a[S.N] : _bCAMBRIBGE UNIVERSITY PRESS ، _c1992 |
||
| 650 | 0 | 4 | _aتعدد الزوجات |
| 650 | 0 | 4 | _aMAN PREHISTORIC |
| 650 | 0 | 4 | _aSPACE AND TIME |
| 650 | 0 | 4 | _aCIVILIZATION, ANCIENT |
| 942 |
_2ddc _cBK |
||
| 999 |
_c17514 _d17514 |
||